British Sweets and Chocolate #5 - Statistics

General Stats
  • This quiz has been taken 148 times
  • The average score is 3 of 6
Answer Stats
Clue Answer % Correct
Well known white chocolate bar Milkybar
92%
Rose-flavoured Jelly covered in milk chocolate Turkish Delight
71%
Intertwined strings of caramel covered in milk chocolate Curlywurly
64%
Chocolate box produced by Nestle Quality Street
32%
Known for catchy slogan "You can't help but chew" Fruit Pastilles
21%
When it was first launched it was removed from the UK chocolate markets Wispa
8%
No matching quizzes found
Score Distribution
Percent of People with Each Score
Percentile by Number Answered
Your Score History
You have not taken this quiz